000 00672nam a2200289Ia 4500
005 20260324141405.0
008 008 260324s9999 xx 000 0 eng d
020 _a9780203053553
037 _aEBOOK
040 _aCRL
040 _beng
040 _cCRL
041 _2eng
041 _aeng
084 _qCRL
100 _aNicholas H. Smith
_91208011
245 0 _aStrong Hermeneutics
245 0 _bContingency and Moral Identity
260 _bTaylor and Francis
260 _c1997
365 _a
365 _b230
856 _uhttp://www.taylorfrancis.com/books/9780203053553
942 _cEBOOK
999 _c1811055
_d1811055